| 000 -LEADER |
| fixed length control field |
00978cam a22002298i 4500 |
| 001 - CONTROL NUMBER |
| control field |
20801877 |
| 005 - DATE AND TIME OF LATEST TRANSACTION |
| control field |
20221107171813.0 |
| 008 - FIXED-LENGTH DATA ELEMENTS--GENERAL INFORMATION |
| fixed length control field |
190107s2019 enk b 001 0 eng |
| 020 ## - INTERNATIONAL STANDARD BOOK NUMBER |
| International Standard Book Number |
9781108463591x |
| 041 ## - LANGUAGE CODE |
| Language code of text/sound track or separate title |
eng |
| 080 ## - UNIVERSAL DECIMAL CLASSIFICATION NUMBER |
| Universal Decimal Classification number |
341.24 C-44 |
| 100 1# - MAIN ENTRY--PERSONAL NAME |
| Personal name |
Chalmers, Damian |
| 9 (RLIN) |
9684 |
| 245 10 - TITLE STATEMENT |
| Title |
European Union law : |
| Remainder of title |
text and materials / |
| Statement of responsibility, etc. |
Damian Chalmers, National University of Singapore; Gareth Davies, Vrije Universiteit, Amsterdam; Giorgio Monti, European University Institute, Florence. |
| 250 ## - EDITION STATEMENT |
| Edition statement |
Fourth edition. |
| 264 #1 - PRODUCTION, PUBLICATION, DISTRIBUTION, MANUFACTURE, AND COPYRIGHT NOTICE |
| Place of production, publication, distribution, manufacture |
Cambridge, United Kingdom : |
| Name of producer, publisher, distributor, manufacturer |
Cambridge University Press, |
| Date of production, publication, distribution, manufacture, or copyright notice |
2019. |
| 300 ## - PHYSICAL DESCRIPTION |
| Extent |
1022 p.; |
| Dimensions |
24 cm. |
| 653 ## - INDEX TERM--UNCONTROLLED |
| keyword |
ევროპული ქვეყნების სამართალი |
| 700 1# - ADDED ENTRY--PERSONAL NAME |
| Personal name |
Davies, Gareth, |
| Relator term |
ავრორი |
| 9 (RLIN) |
9686 |
| 700 1# - ADDED ENTRY--PERSONAL NAME |
| Personal name |
Monti, Giorgio, |
| Relator term |
ავტორი |
| 9 (RLIN) |
9687 |
| 942 ## - ADDED ENTRY ELEMENTS (KOHA) |
| Source of classification or shelving scheme |
|
| Koha item type |
წიგნი |